000 01170nam a2200229 a 4500
001 BRL_1032
005 20190320211014.0
008 041113s1977----mx-a######---#000-0#spa-#
041 _aspa
044 _amx
050 4 _aF1204
_b.E53 1977
245 1 0 _aEnciclopedia de México
_cdirector José Rogelio Alvarez.
250 _a2a ed.
260 _aMéxico
_bEnciclopedia de México
_c1977
300 _a12 v.
_bil.(algunas a color), facsimilares, mapas (algunos a color), planos, retratos.
_c29 cm.
500 _av.1 Au1158; v.2 Au1157; v.3 Au1156; V.4 Au1155; v.5 Au1154; v.6 Au1153; v.7 Au1152; v.8 Au1151; v.9 Au1150; v.10 Au1149; v.11 Au1148; v.12 Au1147
500 _aTodo lo mexicano ordenado alfabéticamente: antropología, arqueología, arte, bibliografía, biografías, ciencias , derecho, economía, estadística, etimología, etnografía, fauna y flora, folclore, geociencias, historia, instituciones, léxico regional, literatura, metología, música, paremiología, semántica, sociología, toponimia, turismo, etc.
651 4 _aMéxico
_vEnciclopedias
_95918
700 1 _aÁlvarez, José Rogelio
_d1922-2011
_925626
902 _aGRL
942 _2lcc
_cB
999 _c9844
_d9844